25 LET SOCIALISTICKÉHO LÉKÁRENSTVÍ V ZÁPADOČESKÉM KRAJI

Bibliographic Details
Main Author: Říha, K. (Author)
Format: Article
Language:Czech

MARC

LEADER 00000nab a2200000uu 4500
001 vtls011453659
003 SK-MaSNL
005 20260303113243.0
008 230121|1975 xo |||||||||||||||||cze|
015 |a SNBRB 
035 |a (urnnbn)urn:nbn:sk:snk:ar-0080ww 
035 |a (uuid)a9858951-55e7-4a33-ac58-8ffbf6bc5b71 
035 |a urn:nbn:sk:snk-abcp42 
040 |a SNKBUCL  |b slo  |c SNKBUCL  |e AACR2 
041 0 |a cze 
044 |a xo  |c SK 
100 1 |a Říha, K.  |4 aut  |9 783572 
245 1 0 |a 25 LET SOCIALISTICKÉHO LÉKÁRENSTVÍ V ZÁPADOČESKÉM KRAJI  |c K. Říha 
773 0 |t Farmaceutický obzor : odborný časopis Ministerstva zdravotníctva Slovenskej republiky a Slovenskej zdravotníckej univerzity v Bratislave  |g Roč. 44, č. 4 (1975), s. 149-152 
954 |a odborná, vedecká literatúra cudzojazyčná (svetová)  |2 lita 
958 |a OND 
958 |a EUIPO 
958 |a article16 
999 |c 1891313  |d 1893243